[Event "Caxambu op"]
[White "Penha, Evelyn Maximiano"]
[Black "Pereira, Fabio Costa Maglion"]
[Site "Caxambu"]
[Round "5"]
[Result "1/2-1/2"]
[Date "2020.03.08"]
[WhiteElo "1671"]
[BlackElo "1319"]
[PlyCount "53"]
[EventDate "2020.03.06"]
[EventType "swiss"]
[EventRounds "6"]
[EventCountry "BRA"]
[SourceTitle "CBM 195 Extra"]
[Source "ChessBase"]
[SourceDate "2020.05.31"]
[SourceVersion "1"]
[SourceVersionDate "2020.05.31"]
[SourceQuality "1"]

1. e4 c5 2. Nc3 d6 3. f4 Nc6 4. Nf3 Nf6 5. Bb5 Bd7 6. 0-0 e6 7. d3 Be7 8. Bxc6 Bxc6 9. Qe1 0-0 10. Qg3 Nh5 11. Qh3 g6 12. g4 Nf6 13. Ng5 h5 14. gxh5 Nxh5 15. b3 Bf6 16. Bb2 Bxg5 17. fxg5 Qxg5+ 18. Qg2 Nf4 19. Qxg5 Nh3+ 20. Kg2 Nxg5 21. Bc1 f6 22. Bxg5 fxg5 23. Rxf8+ Rxf8 24. Rf1 Rxf1 25. Kxf1 Kg7 26. Kf2 Kf6 27. Kg3 1/2-1/2

[Event "Sao Paulo Montenegro U1600 3rd"]
[White "Pereira, Fabio Costa Maglion"]
[Black "Cardoso, Julia Paulina Reis"]
[Site "Sao Paulo"]
[Round "8"]
[Result "1-0"]
[Date "2020.01.26"]
[WhiteElo "1246"]
[BlackElo "1800"]
[PlyCount "61"]
[EventDate "2020.01.25"]
[EventType "tourn"]
[EventRounds "9"]
[EventCountry "BRA"]
[SourceTitle "CBM 194 Extra"]
[Source "ChessBase"]
[SourceDate "2020.03.31"]
[SourceVersion "1"]
[SourceVersionDate "2020.03.31"]
[SourceQuality "1"]

1. d4 d5 2. c4 dxc4 3. Nc3 Bf5 4. e4 Bd7 5. Bxc4 e6 6. Nf3 Bb4 7. Bd2 Nf6 8. e5 Ng4 9. h3 Nh6 10. a3 Ba5 11. 0-0 0-0 12. b4 Bb6 13. Qe1 Nf5 14. Be3 Nc6 15. Rd1 Bc8 16. d5 exd5 17. Rxd5 Qe8 18. Bxb6 cxb6 19. Nb5 Qe7 20. Qe4 Rb8 21. Qf4 a6 22. Nd6 Nxd6 23. exd6 Qd7 24. Re1 h6 25. Ne5 Nxe5 26. Rexe5 b5 27. Re7 Qc6 28. Rc5 Qb6 29. Bd3 Rd8 30. Qxf7+ Kh8 31. Qxg7# 1-0

[Event "Sao Paulo Montenegro U1600 3rd"]
[White "Pereira, Fabio Costa Maglion"]
[Black "Takano Ito, Raphael Kenzo"]
[Site "Sao Paulo"]
[Round "1"]
[Result "1-0"]
[Date "2020.01.25"]
[WhiteElo "1246"]
[BlackElo "1160"]
[PlyCount "71"]
[EventDate "2020.01.25"]
[EventType "tourn"]
[EventRounds "9"]
[EventCountry "BRA"]
[SourceTitle "CBM 194 Extra"]
[Source "ChessBase"]
[SourceDate "2020.03.31"]
[SourceVersion "1"]
[SourceVersionDate "2020.03.31"]
[SourceQuality "1"]

1. d4 c6 2. c4 d5 3. e3 Nf6 4. Nc3 Bf5 5. Nf3 e6 6. a3 Nbd7 7. h3 Be7 8. b4 b6 9. b5 cxb5 10. Nxb5 a6 11. Nc3 0-0 12. Ra2 Re8 13. Rb2 Rc8 14. Qa4 a5 15. Nb5 Be4 16. Na7 Ra8 17. Nc6 Qc7 18. Nxe7+ Rxe7 19. Nd2 e5 20. Nxe4 Nxe4 21. Bd2 dxc4 22. Bxc4 exd4 23. Bd5 Rc8 24. Bxe4 Rxe4 25. f3 Re7 26. Qxd4 Ne5 27. 0-0 Nc4 28. Rc2 Rd7 29. Rxc4 Qxc4 30. Qxd7 Rf8 31. Rc1 Qe2 32. Rc8 Qd1+ 33. Kh2 h6 34. Rxf8+ Kh7 35. Qf5+ g6 36. Qxf7# 1-0

[Event "Vale Paraibano-ch"]
[White "De Oliveira, Vitor Hugo Correa L"]
[Black "Pereira, Fabio Costa Maglion"]
[Site "Taubate"]
[Round "5"]
[Result "1-0"]
[Date "2019.05.05"]
[WhiteElo "1438"]
[BlackElo "1800"]
[PlyCount "97"]
[EventDate "2019.05.04"]
[EventType "swiss"]
[EventRounds "5"]
[EventCountry "BRA"]
[SourceTitle "CBM 190 Extra"]
[Source "ChessBase"]
[SourceDate "2019.07.15"]
[SourceVersion "1"]
[SourceVersionDate "2019.07.15"]
[SourceQuality "1"]

1. e4 e5 2. Bc4 Nf6 3. d4 Nc6 4. dxe5 Nxe5 5. Bd3 Bc5 6. Nc3 0-0 7. Nf3 Nxf3+ 8. Qxf3 d6 9. h3 a6 10. 0-0 Be6 11. Be3 Bxe3 12. Qxe3 Qd7 13. Rfd1 Qc6 14. f3 Bc4 15. Bxc4 Qxc4 16. Qd4 Qxd4+ 17. Rxd4 h6 18. Nd5 Nxd5 19. Rxd5 Rfe8 20. Kf2 Re5 21. Rad1 Rae8 22. b4 R8e6 23. c4 Kh7 24. Ke3 f5 25. Rxe5 Rxe5 26. Rd5 Rxd5 27. exd5 Kg6 28. c5 dxc5 29. bxc5 Kf6 30. Kd4 Ke7 31. Ke5 Kd7 32. Kxf5 b6 33. cxb6 cxb6 34. Ke5 b5 35. d6 a5 36. Kd5 b4 37. Kc5 g5 38. g4 a4 39. Kxb4 Kxd6 40. Kxa4 Ke5 41. Kb5 Kf4 42. a4 Kxf3 43. a5 Kg3 44. a6 Kxh3 45. a7 Kxg4 46. a8Q h5 47. Qe4+ Kh3 48. Qf5+ g4 49. Qxh5+ 1-0